Wszystkie Stolice Europy - Statystyki

Ogólne statystyki
  • Ten quiz został rozwiązany 48 razy
  • Średni wynik to 37 z 45
Statystyki odpowiedzi
Podpowiedź Odpowiedź % Poprawnych
Rosja Moskwa
100%
Finlandia Helsinki
97%
Dania Kopenhaga
97%
Norwegia Oslo
97%
Ukraina Kijów
95%
Wielka Brytania Londyn
95%
Szwecja Sztokholm
95%
Grecja Ateny
92%
Irlandia Dublin
92%
Islandia Reykjavik
92%
Łotwa Ryga
92%
Litwa Wilno
92%
Niemcy Berlin
89%
Rumunia Bukareszt
89%
Białoruś Mińsk
89%
Czechy Praga
89%
Polska Warszawa
89%
Watykan Watykan
89%
Holandia Amsterdam
87%
Portugalia Lizbona
87%
Hiszpania Madryt
87%
Monako Monako
87%
Francja Paryż
87%
Włochy Rzym
87%
Bułgaria Sofia
87%
Austria Wiedeń
87%
Luksemburg Luksemburg
84%
San Marino San Marino
84%
Belgia Bruksela
82%
Węgry Budapeszt
82%
Estonia Tallinn
82%
Słowacja Bratysława
79%
Szwajcaria Berno
76%
Chorwacja Zagrzeb
76%
Andora Andora
74%
Mołdawia Kiszyniów
71%
Serbia Belgrad
66%
Albania Tirana
66%
Liechtenstein Vaduz
66%
Macedonia Północna Skopje
63%
Malta Valletta
63%
Słowenia Lublana
61%
Czarnogóra Podgorica
61%
Bośnia i Hercegowina Sarajewo
58%
Kosowo Prisztina
55%
Nie znaleziono quizów pasujących do podanych kryteriów
Rozkład punktacji
Procent ludzi z każdym wynikiem
Percentyl według liczby udzielonych odpowiedzi
Twoja historia wyników
Nie rozwiązałeś tego quizu